<?xml version="1.0" encoding="UTF-8"?>
<record
    xmlns:xsi="http://www.w3.org/2001/XMLSchema-instance"
    xsi:schemaLocation="http://www.loc.gov/MARC21/slim http://www.loc.gov/standards/marcxml/schema/MARC21slim.xsd"
    xmlns="http://www.loc.gov/MARC21/slim">

  <leader>00389nam a2200145Ia 4500</leader>
  <controlfield tag="008">230519s9999    xx            000 0 und d</controlfield>
  <datafield tag="020" ind1=" " ind2=" ">
    <subfield code="a">978-81-909385-87</subfield>
  </datafield>
  <datafield tag="041" ind1=" " ind2=" ">
    <subfield code="a">eng</subfield>
  </datafield>
  <datafield tag="082" ind1=" " ind2=" ">
    <subfield code="a">C/004/JAI/DB0469</subfield>
  </datafield>
  <datafield tag="100" ind1=" " ind2=" ">
    <subfield code="a">Jain Pooja &amp; Neelam Kumari</subfield>
  </datafield>
  <datafield tag="245" ind1=" " ind2=" ">
    <subfield code="a">Textbook Of Computers In Nursing</subfield>
  </datafield>
  <datafield tag="260" ind1=" " ind2=" ">
    <subfield code="b">S Vikas and Co</subfield>
    <subfield code="a">Jalandhar</subfield>
    <subfield code="c">2015</subfield>
  </datafield>
  <datafield tag="300" ind1=" " ind2=" ">
    <subfield code="a">406p</subfield>
  </datafield>
  <datafield tag="999" ind1=" " ind2=" ">
    <subfield code="c">159248</subfield>
    <subfield code="d">159248</subfield>
  </datafield>
  <datafield tag="952" ind1=" " ind2=" ">
    <subfield code="0">0</subfield>
    <subfield code="1">0</subfield>
    <subfield code="4">0</subfield>
    <subfield code="7">0</subfield>
    <subfield code="8">C</subfield>
    <subfield code="a">BTIN</subfield>
    <subfield code="b">BTIN</subfield>
    <subfield code="d">2016-09-30</subfield>
    <subfield code="g">445.00</subfield>
    <subfield code="i">496</subfield>
    <subfield code="l">0</subfield>
    <subfield code="o">C 004 JAI DB0469</subfield>
    <subfield code="p">BTIN-DB-469</subfield>
    <subfield code="r">2023-05-19 00:00:00</subfield>
    <subfield code="w">2016-09-28</subfield>
    <subfield code="y">DB</subfield>
    <subfield code="z">DB0469</subfield>
  </datafield>
  <datafield tag="952" ind1=" " ind2=" ">
    <subfield code="0">0</subfield>
    <subfield code="1">0</subfield>
    <subfield code="4">0</subfield>
    <subfield code="7">0</subfield>
    <subfield code="8">C</subfield>
    <subfield code="a">BTIN</subfield>
    <subfield code="b">BTIN</subfield>
    <subfield code="d">2016-09-30</subfield>
    <subfield code="g">445.00</subfield>
    <subfield code="i">496</subfield>
    <subfield code="l">0</subfield>
    <subfield code="o">C 004 JAI DB0469</subfield>
    <subfield code="p">BTIN-DB-470</subfield>
    <subfield code="r">2023-05-19 00:00:00</subfield>
    <subfield code="w">2016-09-28</subfield>
    <subfield code="y">DB</subfield>
    <subfield code="z">DB0470</subfield>
  </datafield>
  <datafield tag="952" ind1=" " ind2=" ">
    <subfield code="0">0</subfield>
    <subfield code="1">0</subfield>
    <subfield code="4">0</subfield>
    <subfield code="7">0</subfield>
    <subfield code="8">C</subfield>
    <subfield code="a">BTIN</subfield>
    <subfield code="b">BTIN</subfield>
    <subfield code="d">2018-08-29</subfield>
    <subfield code="g">455.00</subfield>
    <subfield code="i">496</subfield>
    <subfield code="l">0</subfield>
    <subfield code="o">C 004 JAI DB0721</subfield>
    <subfield code="p">BTIN-DB-721</subfield>
    <subfield code="r">2023-05-19 00:00:00</subfield>
    <subfield code="w">2016-09-28</subfield>
    <subfield code="y">DB</subfield>
    <subfield code="z">DB0721</subfield>
  </datafield>
</record>
